000 00631nam a22002177a 4500
001 34217
003 BD-RjUL
005 20211209052125.0
008 140514s1980 bg |||| |||| 000 0 eng d
035 _a(BD-RjUL)34311
040 _aBD-RjUL
_beng
_cBD-RjUL
041 _aeng
082 0 4 _a303.3095492
_bBAN 1980
110 _aBangladesh Rural Advancement Committee.
_910681
245 _aThe net :
_bpower structure in ten villages
260 _aDhaka :
_bBrac Publication,
_c1980.
300 _a93 p. ;
_c21 cm.
490 0 _aRural Study Series
650 _a Power (Social sciences) -- Bangladesh.
_9104017
942 _2ddc
_cBK
999 _c34217
_d34217